Wireless networking visual quick tips / (Record no. 15)
[ view plain ]
| 000 -LEADER | |
|---|---|
| fixed length control field | 01310nam a2200265 a 4500 |
| 001 - CONTROL NUMBER | |
| JCCL Control Number | 15 |
| 003 - CONTROL NUMBER IDENTIFIER | |
| JCCL marc code | BD-JhCC |
| 005 - DATE AND TIME OF LATEST TRANSACTION | |
| control field | 20180705134013.0 |
| 008 - FIXED-LENGTH DATA ELEMENTS--GENERAL INFORMATION | |
| fixed length control field | 170924s2006 njua 001 0 eng c |
| 020 ## - INTERNATIONAL STANDARD BOOK NUMBER | |
| International Standard Book Number | 0470078081 |
| 020 ## - INTERNATIONAL STANDARD BOOK NUMBER | |
| International Standard Book Number | 9780470078082 |
| 035 ## - SYSTEM CONTROL NUMBER | |
| system control number | (BD-JhCC)15 |
| 040 ## - CATALOGING SOURCE | |
| Original cataloging agency | UMC |
| Transcribing agency | UMC |
| Modifying agency | UMC |
| -- | BAKER |
| -- | IXA |
| -- | YDXCP |
| -- | VP@ |
| -- | DLC |
| -- | BD-JhCC |
| 041 ## - LANGUAGE CODE | |
| Language code of Book | eng |
| 082 00 - DEWEY DECIMAL CLASSIFICATION NUMBER | |
| Classification number | 004.6 |
| DDC Edition number | 22 |
| Author mark and Year | TID 2006 |
| 100 1# - MAIN ENTRY--PERSONAL NAME | |
| Personal name | Tidrow, Rob. |
| 245 10 - TITLE STATEMENT | |
| Title | Wireless networking visual quick tips / |
| Statement of responsibility, etc | by Rob Tidrow. |
| 260 ## - PUBLICATION, DISTRIBUTION, ETC. (IMPRINT) | |
| Place of publication, distribution, etc | Hoboken, NJ : |
| Name of publisher, distributor, etc | Wiley Pub., |
| Date of publication, distribution, etc | c2006. |
| 300 ## - PHYSICAL DESCRIPTION | |
| Pagination | 199 p. : |
| Other physical details | col. ill. ; |
| Dimensions | 19 cm. |
| 440 #0 - | |
| Title | Visual read less, learn more |
| 500 ## - GENERAL NOTE | |
| General note | Includes index. |
| 520 ## - SUMMARY, ETC. | |
| Summary, etc | A handy, full colour guide to tips, tricks, and shortcuts for increasing productivity with a wireless network<br/>This guide offers visual learners useful techniques, full-colour screen shots, a task-oriented approach, and clear explanations on getting the most from their WiFi<br/>Short and quick steps explain how to set up a wireless network, and with brief but important details, offer key tips regarding wireless cards and routers<br/>Targets price conscious, time starved visual learners who are looking for quick and easy solutions to their common technology questions |
| 650 #0 - SUBJECT ADDED ENTRY--TOPICAL TERM | |
| Topical term or geographic name as entry element | Wireless communication systems. |
| 942 ## - ADDED ENTRY ELEMENTS (KOHA) | |
| Source of classification or shelving scheme | Dewey Decimal Classification |
| Koha item type | Books |
| Koha issues (borrowed), all copies | 4 |
| Source of classification or shelving scheme | Damaged status | Not for loan | Home library | Current library | Shelving location | Date of accession | Total Checkouts | Full call number | Barcode | Date last seen | Date checked out | Copy number | Koha item type |
|---|---|---|---|---|---|---|---|---|---|---|---|---|---|
| Dewey Decimal Classification | JCC Rouf Library | JCC Rouf Library | General Stacks | 09/24/2017 | 4 | 004.6 TID 2006 | 1408 | 07/04/2018 | 07/04/2018 | C-1 | Books |